Design of equilibrium stage processes (Record no. 13251)

000 -LEADER
fixed length control field 00589nam a22002171 4500
001 - CONTROL NUMBER
control field 13251
003 - CONTROL NUMBER IDENTIFIER
control field BD-DhUET
008 - FIXED-LENGTH DATA ELEMENTS--GENERAL INFORMATION
fixed length control field 740517s1963 nyua b 000 0 eng
020 ## - INTERNATIONAL STANDARD BOOK NUMBER
International Standard Book Number 070586373
040 ## - CATALOGING SOURCE
Original cataloging agency DLC
Transcribing agency OAkU
Modifying agency BD-DhUET
082 ## - DEWEY DECIMAL CLASSIFICATION NUMBER
Classification number 660.28422
Item number SMI/1963
100 1# - MAIN ENTRY--PERSONAL NAME
Personal name Smith, Buford D.
245 10 - TITLE STATEMENT
Title Design of equilibrium stage processes
250 ## - EDITION STATEMENT
Edition statement 1st ed.
260 ## - PUBLICATION, DISTRIBUTION, ETC. (IMPRINT)
Place of publication, distribution, etc. New York
Name of publisher, distributor, etc. McGraw-Hill
Date of publication, distribution, etc. 1963
300 ## - PHYSICAL DESCRIPTION
Extent 647 p.
Other physical details ill.
Dimensions 24 cm.
490 ## - SERIES STATEMENT
Series statement McGraw-Hill chemical engineering series
504 ## - BIBLIOGRAPHY, ETC. NOTE
Bibliography, etc Includes bibliographies
650 #0 - SUBJECT ADDED ENTRY--TOPICAL TERM
Topical term or geographic name as entry element Chemical equilibrium
942 ## - ADDED ENTRY ELEMENTS (KOHA)
Koha item type General Book
Holdings
Not for loan Price effective from Date acquired Withdrawn status Location (home branch) Lost status Sublocation or collection (holding branch) Shelving location Copy number Koha item type Koha date last seen Koha full call number Piece designation (barcode) Koha normalized classification for sorting Damaged status Source of classification or shelving scheme
 2015-03-022015-03-02 Central Library, BUET Central Library, BUETCirculation section1General Book2015-03-02660.28422/SMI/196334954660_284220000000000_SMI_1963  
 2015-03-032015-03-03 Central Library, BUET Central Library, BUETCirculation section2General Book2015-03-03660.28422/SMI/196329845660_284220000000000_SMI_1963  
 2015-03-032015-03-03 Central Library, BUET Central Library, BUETCirculation section3General Book2015-03-03660.28422/SMI/196329841660_284220000000000_SMI_1963  
 2015-03-032015-03-03 Central Library, BUET Central Library, BUETCirculation section4General Book2015-03-03660.28422/SMI/196329847660_284220000000000_SMI_1963  
 2015-03-032015-03-03 Central Library, BUET Central Library, BUETCirculation section5General Book2015-03-03660.28422/SMI/196329853660_284220000000000_SMI_1963  
 2015-03-032015-03-03 Central Library, BUET Central Library, BUETCirculation section6General Book2015-03-03660.28422/SMI/196329843660_284220000000000_SMI_1963  
 2015-03-032015-03-03 Central Library, BUET Central Library, BUETCirculation section7General Book2015-03-03660.28422/SMI/196329844660_284220000000000_SMI_1963  
 2015-03-032015-03-03 Central Library, BUET Central Library, BUETCirculation section8General Book2015-03-03660.28422/SMI/196329840660_284220000000000_SMI_1963  
 2015-03-032015-03-03 Central Library, BUET Central Library, BUETCirculation section9General Book2015-03-03660.28422/SMI/196334955660_284220000000000_SMI_1963  
 2015-05-112015-05-11 Central Library, BUET Central Library, BUETCirculation section10General Book2015-05-11660.28422/SMI/196311477660_284220000000000_SMI_1963  
 2015-05-112015-05-11 Central Library, BUET Central Library, BUETCirculation section11General Book2015-05-11660.28422/SMI/196329846660_284220000000000_SMI_1963  
 2015-05-112015-05-11 Central Library, BUET Central Library, BUETCirculation section12General Book2015-05-11660.28422/SMI/196334953660_284220000000000_SMI_1963  
 2015-05-112015-05-11 Central Library, BUET Central Library, BUETCirculation section13General Book2015-05-11660.28422/SMI/196318836660_284220000000000_SMI_1963  
 2015-05-112015-05-11 Central Library, BUET Central Library, BUETCirculation section14General Book2015-05-11660.28422/SMI/196329854660_284220000000000_SMI_1963  
 2015-05-112015-05-11 Central Library, BUET Central Library, BUETCirculation section15General Book2015-05-11660.28422/SMI/196329856660_284220000000000_SMI_1963  
 2015-05-192015-05-19 Central Library, BUET Central Library, BUETCirculation section16General Book2015-05-19660.28422/SMI/196329848660_284220000000000_SMI_1963  
 2015-06-182015-06-18 Central Library, BUET Central Library, BUETReading section17Reading Item2015-06-18660.28422/SMI/19636449660_284220000000000_SMI_1963